| 000 | 00571nam a2200193Ia 4500 | ||
|---|---|---|---|
| 003 | GCL | ||
| 008 | 140319s9999 xx 000 0 ara d | ||
| 040 |
_aGCL / _cGCL |
||
| 082 | 0 | 4 |
_a246.1 _bا ع |
| 100 | 1 | _aابى سليمان الخطابى البستى | |
| 245 | 1 | 0 |
_aالعزلة / _cابى سليمان الخطابى البستى |
| 260 |
_a[S.N] : _bمكتبة التراث الاسلامى ، _c1989 |
||
| 300 | _a210 ص | ||
| 490 | _a | ||
| 650 | 0 | 4 | _aالعقائد |
| 650 | 0 | 4 | _aالدين الاسلامى |
| 650 | 0 | 4 | _aالعزلة |
| 942 |
_2ddc _cBK |
||
| 999 |
_c28015 _d28015 |
||